Rhymes with Drink Quiz Stats

Quiz Updated Dec 25, 2015

Also try: Rhymes with 'ICK'
Challenge
Share
Tweet
Embed
Score 0/25 Timer 03:00
2 Plays Today
% Correct
sink
96.7%
link
96.6%
mink
95.8%
pink
95.8%
rink
94.8%
wink
92.9%
dink
90.9%
blink
89.7%
brink
89.6%
fink
89.2%
kink
86%
stink
84.7%
clink
83.6%
% Correct
slink
80.1%
think
78.7%
plink
76.5%
jink
74.5%
chink
71.1%
zinc
67.1%
ink
65.6%
gink
63.1%
prink
61.1%
skink
54.2%
shrink
50.3%
sync
18.7%

You're not logged in!

Compare scores with friends on all Sporcle quizzes.
Sign Up with Email
OR
Log In

You Might Also Like...

Show Comments

Extras

Top Quizzes Today


Score Distribution

Your Account Isn't Verified!

In order to create a playlist on Sporcle, you need to verify the email address you used during registration. Go to your Sporcle Settings to finish the process.